[Event "FRA-chT U20"]
[Site "Mulhouse"]
[Date "2005.12.19"]
[Round "?"]
[White "Demard, Benjamin"]
[Black "Lebas, Vincent"]
[Result "0-1"]
[WhiteElo "1240"]
[BlackElo "1099"]
[PlyCount "62"]
[EventDate "2005.12.??"]
[EventType "team"]
[EventRounds "11"]
[EventCountry "FRA"]
[SourceTitle "EXT 2007"]
[Source "ChessBase"]
[SourceDate "2006.11.23"]
[SourceVersion "1"]
[SourceVersionDate "2006.11.23"]
[SourceQuality "1"]
[WhiteTeam "Nancy"]
[BlackTeam "Gonfreville"]
[WhiteTeamCountry "FRA"]
[BlackTeamCountry "FRA"]

1. e4 e5 2. Nf3 d6 3. Nc3 Be6 4. d4 exd4 5. Nxd4 Bd7 6. Bc4 Nf6 7. Bf4 c5 8. Nf3 Nc6 9. Bg5 Be7 10. 0-0 0-0 11. Re1 h6 12. Bh4 Na5 13. Bb5 Nc6 14. Bxf6 Bxf6 15. Bxc6 Bxc6 16. e5 dxe5 17. Qxd8 Raxd8 18. Nxe5 Rfe8 19. Nxc6 Rxe1+ 20. Rxe1 bxc6 21. Na4 Rd2 22. Nxc5 Bd4 23. Ne4 Rxc2 24. Rd1 Rxb2 25. g3 Bb6 26. Rd6 Re2 27. Rxc6 Rxe4 28. Rc8+ Kh7 29. Kg2 Re2 30. Kf3 Rxa2 31. h4 Rxf2+ 0-1